| 000 | 00532nam a2200217Ia 4500 | ||
|---|---|---|---|
| 008 | 170203s9999 xx 000 0 und d | ||
| 020 | _a9789812615640 | ||
| 050 | _a641.76 | ||
| 050 | _b.0S469b 2008 | ||
| 100 | _aElva Rajah, Carol. | ||
| 245 | _aBarbecues / | ||
| 245 | _cCarol Selva Rajah. | ||
| 260 | _aSingapore : | ||
| 260 | _bMarshall Cavendish Cuisine, | ||
| 260 | _c2008 | ||
| 300 | _a79 pages ; | ||
| 300 | _billustrations ; | ||
| 300 | _c17 cm. | ||
| 440 | _aMini cookbooks. | ||
| 650 | _aBarbecue cookery. | ||
| 999 |
_c305461 _d305461 |
||